[Event "Titled Tuesday intern op 19th Jul Early"]
[Site "Chess.com INT"]
[Date "2022.07.19"]
[Round "4"]
[White "Zhigalko, Sergei"]
[Black "Dobrowolski, Piotr"]
[Result "1-0"]
[WhiteElo "2572"]
[BlackElo "2423"]
[PlyCount "117"]
[EventDate "2022.07.19"]
[EventType "swiss (blitz)"]
[EventRounds "11"]
[EventCountry "USA"]
[SourceTitle "EXT 2023"]
[Source "ChessBase"]
[SourceDate "2022.10.05"]
[SourceVersion "1"]
[SourceVersionDate "2022.10.05"]
[SourceQuality "1"]

1. e4 e6 2. d4 d5 3. e5 c5 4. c3 Nc6 5. Nf3 Bd7 6. Be2 Nge7 7. Na3 cxd4 8. cxd4 Nf5 9. Nc2 Qb6 10. O-O Na5 11. g4 Ne7 12. Nfe1 Bb5 13. Nd3 h5 14. gxh5 Nac6 15. Be3 Nf5 16. Kh1 Qd8 17. Rg1 Bxd3 18. Qxd3 Rc8 19. Rac1 Qh4 20. Rg2 Be7 21. Rcg1 a6 22. Bg4 Rxh5 23. a3 Kd7 24. Bxh5 Qxh5 25. Qd1 Qxd1 26. Rxd1 Nxe5 27. Ne1 Nc4 28. Bc1 Bf6 29. Nf3 Ncd6 30. Bg5 Ne4 31. Rc1 Rxc1+ 32. Bxc1 Nxd4 33. Nxd4 Bxd4 34. Be3 Bxb2 35. f3 Nd6 36. Rxb2 b5 37. Re2 Nc4 38. Bd4 f6 39. f4 Kd6 40. Bc3 e5 41. fxe5+ fxe5 42. Rg2 d4 43. Bb4+ Kd5 44. Rxg7 a5 45. Be1 b4 46. axb4 a4 47. Ra7 a3 48. Ra4 d3 49. b5 Kc5 50. b6 Nxb6 51. Rxa3 Kd4 52. Bf2+ Kc4 53. Bxb6 d2 54. Ra1 Kd3 55. Kg2 e4 56. Kf2 Kc2 57. h4 Kb2 58. Rf1 Kc2 59. Be3 1-0

[Event "Titled Tuesday intern op 19th Jul Early"]
[Site "Chess.com INT"]
[Date "2022.07.19"]
[Round "5"]
[White "Krallis, Christos"]
[Black "Zhigalko, Sergei"]
[Result "0-1"]
[WhiteElo "2378"]
[BlackElo "2572"]
[PlyCount "72"]
[EventDate "2022.07.19"]
[EventType "swiss (blitz)"]
[EventRounds "11"]
[EventCountry "USA"]
[SourceTitle "EXT 2023"]
[Source "ChessBase"]
[SourceDate "2022.10.05"]
[SourceVersion "1"]
[SourceVersionDate "2022.10.05"]
[SourceQuality "1"]

1. d4 Nf6 2. c4 e6 3. Nf3 b6 4. g3 Ba6 5. b3 Bb4+ 6. Bd2 Be7 7. Nc3 O-O 8. Bg2 c6 9. O-O d5 10. cxd5 cxd5 11. Ne5 Nfd7 12. Nxd7 Qxd7 13. Re1 Nc6 14. e4 dxe4 15. Bxe4 Bf6 16. Be3 Rad8 17. Ne2 Nxd4 18. Nxd4 Bxd4 19. Bxd4 Qxd4 20. Qf3 g6 21. Bb7 Bxb7 22. Qxb7 Rd7 23. Qf3 Rfd8 24. Kg2 Qb2 25. h4 h5 26. Reb1 Qd4 27. Rd1 Qxd1 28. Rxd1 Rxd1 29. Qb7 R8d7 30. Qb8+ Kh7 31. Qe8 Kg7 32. Qb8 Kh7 33. a4 R1d2 34. Qc8 R7d5 35. Kg1 Rf5 36. f4 Rc5 0-1

[Event "Titled Tuesday intern op 19th Jul Early"]
[Site "Chess.com INT"]
[Date "2022.07.19"]
[Round "6"]
[White "Zhigalko, Sergei"]
[Black "Caruana, Fabiano"]
[Result "1-0"]
[WhiteElo "2572"]
[BlackElo "2783"]
[PlyCount "125"]
[EventDate "2022.07.19"]
[EventType "swiss (blitz)"]
[EventRounds "11"]
[EventCountry "USA"]
[SourceTitle "EXT 2023"]
[Source "ChessBase"]
[SourceDate "2022.10.05"]
[SourceVersion "1"]
[SourceVersionDate "2022.10.05"]
[SourceQuality "1"]

1. e4 e5 2. Nf3 Nc6 3. Bc4 Nf6 4. d3 Bc5 5. O-O d6 6. Nbd2 O-O 7. c3 a6 8. Bb3 Ba7 9. h3 Re8 10. Re1 Be6 11. Nf1 Bxb3 12. Qxb3 Qd7 13. Be3 Bxe3 14. Nxe3 Ne7 15. Rad1 Ng6 16. Kh2 a5 17. a4 Nf4 18. Qc2 Rad8 19. Nc4 b6 20. Ne3 h6 21. Nf5 g6 22. Ne3 Kg7 23. Ng1 Qc6 24. g3 Ne6 25. Nf3 Nc5 26. b3 Qd7 27. Nc4 Qe7 28. Kg2 Nh7 29. d4 Nd7 30. Ne3 c6 31. d5 c5 32. Nh4 Kg8 33. Qe2 h5 34. Rd3 Ng5 35. Nc4 Nf6 36. Re3 Rb8 37. Nf3 Nxf3 38. Rxf3 h4 39. Qd2 Kg7 40. Qg5 Rh8 41. Ne3 Rh5 42. Nf5+ Kf8 43. Nxe7 Rxg5 44. Nc6 Nd7 45. Nxb8 Nxb8 46. g4 Ke7 47. Rfe3 Nd7 48. f3 f5 49. Kf2 Nf6 50. Rg1 Kd7 51. Ke2 Kc7 52. Kf2 Kd7 53. Ree1 Nh7 54. Ke3 Kc7 55. Rb1 Kb7 56. b4 axb4 57. cxb4 Nf6 58. bxc5 dxc5 59. a5 Nd7 60. axb6 Nf6 61. Rb2 c4 62. Rc2 Kxb6 63. Rxc4 1-0

[Event "Titled Tuesday intern op 19th Jul Early"]
[Site "Chess.com INT"]
[Date "2022.07.19"]
[Round "7"]
[White "Zhigalko, Sergei"]
[Black "Oparin, Grigoriy"]
[Result "0-1"]
[WhiteElo "2572"]
[BlackElo "2683"]
[PlyCount "64"]
[EventDate "2022.07.19"]
[EventType "swiss (blitz)"]
[EventRounds "11"]
[EventCountry "USA"]
[SourceTitle "EXT 2023"]
[Source "ChessBase"]
[SourceDate "2022.10.05"]
[SourceVersion "1"]
[SourceVersionDate "2022.10.05"]
[SourceQuality "1"]

1. e4 e5 2. Nf3 Nc6 3. Bc4 Bc5 4. b4 Bxb4 5. c3 Ba5 6. d4 d6 7. Qb3 Qd7 8. O-O Bb6 9. Nbd2 Na5 10. Qc2 Ne7 11. dxe5 Ng6 12. exd6 Qxd6 13. e5 Qc6 14. Bd3 Nf4 15. Be4 Qxc3 16. Qb1 Bg4 17. Bb2 Qc5 18. Nb3 Nxb3 19. axb3 O-O-O 20. Ra4 Kb8 21. Bxb7 Kxb7 22. Rxf4 Be6 23. Bd4 Qb4 24. Bxb6 Qxf4 25. Be3 Qb4 26. Qc2 Rd7 27. Ra1 a6 28. Rc1 Bd5 29. Nd4 Rc8 30. h3 c5 31. Nf5 Be4 32. Nd6+ Rxd6 0-1

[Event "Titled Tuesday intern op 19th Jul Early"]
[Site "Chess.com INT"]
[Date "2022.07.19"]
[Round "8"]
[White "Bachmann, Axel"]
[Black "Zhigalko, Sergei"]
[Result "0-1"]
[WhiteElo "2588"]
[BlackElo "2572"]
[PlyCount "92"]
[EventDate "2022.07.19"]
[EventType "swiss (blitz)"]
[EventRounds "11"]
[EventCountry "USA"]
[SourceTitle "EXT 2023"]
[Source "ChessBase"]
[SourceDate "2022.10.05"]
[SourceVersion "1"]
[SourceVersionDate "2022.10.05"]
[SourceQuality "1"]

1. e4 c5 2. Nf3 Nc6 3. g3 Nf6 4. d3 g6 5. Bg2 Bg7 6. O-O O-O 7. Re1 e5 8. Bg5 d6 9. Nc3 h6 10. Bxf6 Qxf6 11. Nd2 Be6 12. Nd5 Qd8 13. Nc4 Ne7 14. Nxe7+ Qxe7 15. Ne3 h5 16. h4 Bh6 17. c3 Rad8 18. d4 exd4 19. cxd4 Bg7 20. Nc2 Qc7 21. Qd2 Rfe8 22. b3 b5 23. Rad1 Qb6 24. Re3 Bg4 25. Rde1 cxd4 26. Rd3 d5 27. exd5 Bf5 28. Rxe8+ Rxe8 29. Rf3 Qc5 30. Rxf5 gxf5 31. Bf1 Qc3 32. Qxc3 dxc3 33. Bxb5 Re5 34. Bc4 f4 35. gxf4 Re4 36. d6 Kf8 37. Kf1 Rxf4 38. Bb5 Rxh4 39. d7 Ke7 40. Ne3 Kd8 41. Ke2 Bf6 42. Nd5 Re4+ 43. Kd3 Re6 44. Kc4 h4 45. Nf4 Rd6 46. Nh5 c2 0-1

[Event "Titled Tuesday intern op 19th Jul Early"]
[Site "Chess.com INT"]
[Date "2022.07.19"]
[Round "9"]
[White "Terry, Renato"]
[Black "Zhigalko, Sergei"]
[Result "0-1"]
[WhiteElo "2502"]
[BlackElo "2572"]
[PlyCount "108"]
[EventDate "2022.07.19"]
[EventType "swiss (blitz)"]
[EventRounds "11"]
[EventCountry "USA"]
[SourceTitle "EXT 2023"]
[Source "ChessBase"]
[SourceDate "2022.10.05"]
[SourceVersion "1"]
[SourceVersionDate "2022.10.05"]
[SourceQuality "1"]

1. d4 Nf6 2. Nf3 e6 3. c4 b6 4. g3 Ba6 5. Qa4 Bb7 6. Bg2 c5 7. dxc5 bxc5 8. O-O Be7 9. Nc3 O-O 10. Rd1 Qb6 11. Bf4 Rd8 12. Qb5 d6 13. Rd2 Qc7 14. Rad1 Nc6 15. Qa4 a6 16. h3 h6 17. g4 Rac8 18. Bg3 Rd7 19. Qc2 Rcd8 20. b3 Qa5 21. Na4 Nb4 22. Qc1 Ne4 23. Rb2 Bf6 24. Bf4 Bxb2 25. Qxb2 Bc6 26. a3 Bxa4 27. bxa4 Qxa4 28. Rb1 Nc6 29. Nd2 Nxd2 30. Qxd2 Ne5 31. Rc1 Nxc4 32. Qd3 d5 33. g5 Qxa3 34. Rc3 Qa1+ 35. Kh2 hxg5 36. Bxg5 Ne5 37. Qg3 Ng6 38. h4 Qa4 39. Rxc5 Qd4 40. Rc3 Qe5 41. f4 Qxe2 42. Re3 Qd1 43. Bf3 Qd4 44. Re2 Ne7 45. Bg4 Rb8 46. h5 Rb2 47. h6 Nf5 48. Qg2 Rxe2 49. Qxe2 gxh6 50. Bxf5 hxg5 51. Bxe6 Qxf4+ 52. Kg2 fxe6 53. Qxe6+ Qf7 54. Qe5 Re7 0-1

[Event "Titled Tuesday intern op 19th Jul Early"]
[Site "Chess.com INT"]
[Date "2022.07.19"]
[Round "10"]
[White "Zhigalko, Sergei"]
[Black "Tabatabaei, Mohammad Amin"]
[Result "0-1"]
[WhiteElo "2572"]
[BlackElo "2664"]
[PlyCount "76"]
[EventDate "2022.07.19"]
[EventType "swiss (blitz)"]
[EventRounds "11"]
[EventCountry "USA"]
[SourceTitle "EXT 2023"]
[Source "ChessBase"]
[SourceDate "2022.10.05"]
[SourceVersion "1"]
[SourceVersionDate "2022.10.05"]
[SourceQuality "1"]

1. e4 e6 2. d4 d5 3. e5 c5 4. c3 Qb6 5. Nf3 Nc6 6. a3 c4 7. Nbd2 Na5 8. Be2 Bd7 9. O-O Ne7 10. Rb1 Qc7 11. h4 h6 12. h5 Nc8 13. Qe1 Ba4 14. Bd1 Nb6 15. Bxa4+ Nxa4 16. Qd1 b5 17. Nh4 Be7 18. Qg4 O-O-O 19. f4 Qd7 20. Ndf3 Rhg8 21. f5 Rdf8 22. Be3 Nc6 23. Rf2 Bxh4 24. Nxh4 Ne7 25. fxe6 Qxe6 26. Qe2 f6 27. Rbf1 Kd7 28. Ng6 Nxg6 29. hxg6 Re8 30. Qh5 Rgf8 31. exf6 Qxe3 32. Qxd5+ Kc7 33. Qxb5 Nb6 34. fxg7 Rg8 35. Qc5+ Kb7 36. Kh1 Rxg7 37. Rf7+ Re7 38. Rxe7+ Rxe7 0-1

[Event "Titled Tuesday intern op 19th Jul Early"]
[Site "Chess.com INT"]
[Date "2022.07.19"]
[Round "11"]
[White "Kononenko, Dmitry1"]
[Black "Zhigalko, Sergei"]
[Result "1-0"]
[WhiteElo "2334"]
[BlackElo "2572"]
[PlyCount "71"]
[EventDate "2022.07.19"]
[EventType "swiss (blitz)"]
[EventRounds "11"]
[EventCountry "USA"]
[SourceTitle "EXT 2023"]
[Source "ChessBase"]
[SourceDate "2022.10.05"]
[SourceVersion "1"]
[SourceVersionDate "2022.10.05"]
[SourceQuality "1"]

1. d4 Nf6 2. c4 e6 3. g3 c5 4. d5 exd5 5. cxd5 d6 6. Nc3 g6 7. Nf3 Bg7 8. Bg2 O-O 9. O-O Re8 10. Bf4 a6 11. a4 Nh5 12. Bg5 Qc7 13. Qc2 h6 14. Bd2 Nd7 15. e4 Rb8 16. Rab1 Nhf6 17. Rfe1 Ng4 18. Bf4 b5 19. axb5 axb5 20. h3 Nge5 21. Nxe5 Nxe5 22. b4 cxb4 23. Rxb4 Bxh3 24. Rc1 Bd7 25. Qb3 Qa5 26. Bf1 Nf3+ 27. Kg2 Nd4 28. Qb2 Bg4 29. Bxd6 Bf3+ 30. Kg1 Rbd8 31. e5 Rxe5 32. Bxe5 Bxe5 33. Qb1 Qa3 34. Nxb5 Nxb5 35. Rxb5 h5 36. Rb3 1-0

[Event "Titled Tuesday intern op 19th Jul Late"]
[Site "Chess.com INT"]
[Date "2022.07.19"]
[Round "1"]
[White "Zhigalko, Sergei"]
[Black "Derraugh, Geordie"]
[Result "1-0"]
[WhiteElo "2572"]
[BlackElo "2182"]
[PlyCount "127"]
[EventDate "2022.07.19"]
[EventType "swiss (blitz)"]
[EventRounds "11"]
[EventCountry "USA"]
[SourceTitle "EXT 2023"]
[Source "ChessBase"]
[SourceDate "2022.10.05"]
[SourceVersion "1"]
[SourceVersionDate "2022.10.05"]
[SourceQuality "1"]

1. e4 c5 2. Nf3 d6 3. d4 cxd4 4. Qxd4 Nc6 5. Bb5 Bd7 6. Bxc6 bxc6 7. c4 e5 8. Qd3 Qc7 9. O-O Be7 10. b3 Nf6 11. Bb2 Nh5 12. c5 Nf4 13. Qe3 f6 14. cxd6 Qxd6 15. Ba3 Qd3 16. Qxd3 Nxd3 17. Rd1 Nb4 18. Rd2 a5 19. Nc3 Na6 20. Bxe7 Kxe7 21. Na4 Rhd8 22. h3 Be6 23. Rc1 Rxd2 24. Nxd2 Rd8 25. Nc4 Bxc4 26. Rxc4 Rd6 27. Nc3 Nc7 28. Kf1 Kd7 29. Ke2 Rd4 30. Na4 Rxc4 31. Nb6+ Ke6 32. Nxc4 a4 33. bxa4 Na6 34. a5 Kd7 35. f3 c5 36. a4 Kc6 37. Kd2 Nb4 38. Kc3 Na6 39. Ne3 Nb4 40. Nd5 Na2+ 41. Kc4 Nc1 42. Ne7+ Kd7 43. Nd5 Kc6 44. a6 Ne2 45. Ne7+ Kb6 46. Nf5 Nf4 47. Ne3 g6 48. h4 Kxa6 49. Kxc5 Ka5 50. Kd6 Kxa4 51. Ke7 f5 52. exf5 gxf5 53. Kf6 e4 54. Kxf5 Nxg2 55. Nxg2 exf3 56. Ne3 f2 57. Kf4 Kb4 58. Kf3 Kc5 59. Kxf2 Kd4 60. Kf3 Ke5 61. Kg4 Kf6 62. Kh5 Ke5 63. Kg5 Ke4 64. Ng4 1-0

[Event "Titled Tuesday intern op 19th Jul Late"]
[Site "Chess.com INT"]
[Date "2022.07.19"]
[Round "2"]
[White "Stanojoski, Zvonko"]
[Black "Zhigalko, Sergei"]
[Result "0-1"]
[WhiteElo "2412"]
[BlackElo "2572"]
[PlyCount "78"]
[EventDate "2022.07.19"]
[EventType "swiss (blitz)"]
[EventRounds "11"]
[EventCountry "USA"]
[SourceTitle "EXT 2023"]
[Source "ChessBase"]
[SourceDate "2022.10.05"]
[SourceVersion "1"]
[SourceVersionDate "2022.10.05"]
[SourceQuality "1"]

1. e4 c5 2. Nf3 Nc6 3. d4 cxd4 4. Nxd4 Nf6 5. Nc3 e5 6. Ndb5 d6 7. Bg5 a6 8. Na3 b5 9. Nd5 Be7 10. Bxf6 Bxf6 11. c3 Bg5 12. Nc2 Ne7 13. Ncb4 O-O 14. a4 bxa4 15. Qxa4 a5 16. Bb5 Nxd5 17. Nxd5 Be6 18. Bc6 Rb8 19. b4 axb4 20. cxb4 f5 21. b5 fxe4 22. Qxe4 Bf5 23. Qc4 Kh8 24. O-O Be6 25. Qd3 Bf5 26. Qg3 Be4 27. Rad1 Bc2 28. Ra1 Be4 29. Rad1 Bc2 30. Ra1 e4 31. Ne3 Bd3 32. Rfd1 Bh4 33. Qh3 Bxf2+ 34. Kh1 Qg5 35. Ng4 Bd4 36. Ra4 Qd2 37. Rg1 Bxg1 38. Bxe4 Bxe4 39. Rxe4 Bc5 0-1

[Event "Titled Tuesday intern op 19th Jul Late"]
[Site "Chess.com INT"]
[Date "2022.07.19"]
[Round "3"]
[White "Zhigalko, Sergei"]
[Black "Bashirli, Nail Qoshqar"]
[Result "1-0"]
[WhiteElo "2572"]
[BlackElo "2365"]
[PlyCount "145"]
[EventDate "2022.07.19"]
[EventType "swiss (blitz)"]
[EventRounds "11"]
[EventCountry "USA"]
[SourceTitle "EXT 2023"]
[Source "ChessBase"]
[SourceDate "2022.10.05"]
[SourceVersion "1"]
[SourceVersionDate "2022.10.05"]
[SourceQuality "1"]

1. e4 c5 2. Nf3 d6 3. d4 cxd4 4. Qxd4 a6 5. Bc4 Nc6 6. Qd3 Bg4 7. Bb3 e6 8. Nc3 Nf6 9. Bf4 Qc7 10. h3 Bxf3 11. Qxf3 Be7 12. Rd1 O-O 13. O-O b5 14. Rfe1 Rac8 15. Qe2 Qb7 16. Bxd6 Bxd6 17. Rxd6 Ne5 18. Qe3 b4 19. Na4 Nc4 20. Bxc4 Rxc4 21. Qd3 Qc7 22. c3 Nxe4 23. Rd7 Qf4 24. Rf1 Nf6 25. Rd8 Qc7 26. Rxf8+ Kxf8 27. b3 Re4 28. cxb4 Rxb4 29. Qxa6 g5 30. Qd3 Kg7 31. Qc3 Qf4 32. Re1 Rb5 33. Nc5 Kg6 34. Nd3 Qf5 35. Ne5+ Kg7 36. Nc4 Rc5 37. Qd4 Rd5 38. Qb2 Kh6 39. Ne3 Qe5 40. Qxe5 Rxe5 41. Rb1 Ra5 42. a4 Ne4 43. Nc4 Rc5 44. a5 Nc3 45. Ra1 Ne2+ 46. Kf1 Nd4 47. Nd2 Rc2 48. a6 Nb5 49. Ne4 Na7 50. Nd6 Rc6 51. Nxf7+ Kg7 52. Ne5 Rb6 53. Ra3 Kf8 54. Nc4 Rb5 55. Nd6 Rb6 56. Nc4 Rc6 57. g3 Ke7 58. Ra5 h6 59. Kg2 Rc7 60. Na3 Rc3 61. Nb5 Rxb3 62. Nxa7 g4 63. Nc6+ Kd6 64. hxg4 h5 65. a7 h4 66. a8=Q h3+ 67. Kxh3 Rb7 68. Qxb7 e5 69. Qe7+ Kxc6 70. Qe6+ Kc7 71. Rd5 Kb8 72. Rd7 Ka8 73. Qe8# 1-0

[Event "Titled Tuesday intern op 19th Jul Late"]
[Site "Chess.com INT"]
[Date "2022.07.19"]
[Round "4"]
[White "Naroditsky, Daniel"]
[Black "Zhigalko, Sergei"]
[Result "0-1"]
[WhiteElo "2617"]
[BlackElo "2572"]
[PlyCount "104"]
[EventDate "2022.07.19"]
[EventType "swiss (blitz)"]
[EventRounds "11"]
[EventCountry "USA"]
[SourceTitle "EXT 2023"]
[Source "ChessBase"]
[SourceDate "2022.10.05"]
[SourceVersion "1"]
[SourceVersionDate "2022.10.05"]
[SourceQuality "1"]

1. e4 c5 2. Nf3 Nc6 3. Bb5 Nf6 4. e5 Nd5 5. O-O Nc7 6. Bxc6 dxc6 7. h3 h6 8. d3 Bf5 9. Nc3 Ne6 10. Be3 g5 11. Nd2 Bg7 12. Qf3 Bg6 13. Qg3 Qc7 14. Nf3 O-O-O 15. a4 Rhe8 16. Rfe1 f5 17. exf6 Qxg3 18. fxg3 exf6 19. Bf2 b6 20. g4 Nf4 21. a5 Kb7 22. axb6 axb6 23. Ne4 c4 24. Ng3 cxd3 25. cxd3 Nxd3 26. Rxe8 Rxe8 27. Bd4 c5 28. Bc3 b5 29. b3 b4 30. Bd2 f5 31. Rd1 f4 32. Nf5 Bxf5 33. gxf5 Kc6 34. h4 g4 35. Nh2 h5 36. Nf1 Bd4+ 37. Kh2 g3+ 38. Nxg3 fxg3+ 39. Kxg3 Rg8+ 40. Kf3 Ne5+ 41. Ke4 Rxg2 42. f6 Rf2 43. Bf4 Ng6 44. Bg5 Bxf6 45. Bxf6 Rxf6 46. Rg1 Nxh4 47. Rg5 Nf5 48. Ke5 Rf8 49. Rxh5 Nd6 50. Ke6 Re8+ 51. Kf6 Re3 52. Rh3 Rxh3 0-1

[Event "Titled Tuesday intern op 19th Jul Late"]
[Site "Chess.com INT"]
[Date "2022.07.19"]
[Round "5"]
[White "Andreikin, Dmitry"]
[Black "Zhigalko, Sergei"]
[Result "1/2-1/2"]
[WhiteElo "2729"]
[BlackElo "2572"]
[PlyCount "62"]
[EventDate "2022.07.19"]
[EventType "swiss (blitz)"]
[EventRounds "11"]
[EventCountry "USA"]
[SourceTitle "EXT 2023"]
[Source "ChessBase"]
[SourceDate "2022.10.05"]
[SourceVersion "1"]
[SourceVersionDate "2022.10.05"]
[SourceQuality "1"]

1. d4 Nf6 2. Nf3 e6 3. Bg5 h6 4. Bh4 b6 5. Nbd2 Bb7 6. e3 Be7 7. Bd3 d6 8. c3 Nbd7 9. e4 Nh5 10. Bg3 c5 11. Qe2 a6 12. O-O O-O 13. Kh1 Qc7 14. Nc4 b5 15. Ne3 cxd4 16. cxd4 Rfc8 17. Rad1 Nxg3+ 18. fxg3 Nf6 19. Nd2 Rf8 20. Ng4 e5 21. Rxf6 Bxf6 22. Nxf6+ gxf6 23. Qg4+ Kh7 24. Qf5+ Kg7 25. Qg4+ Kh7 26. Qf5+ Kg7 27. Rf1 Qe7 28. Qg4+ Kh7 29. Qf5+ Kg7 30. Qg4+ Kh7 31. Qf5+ Kg7 1/2-1/2

[Event "Titled Tuesday intern op 19th Jul Late"]
[Site "Chess.com INT"]
[Date "2022.07.19"]
[Round "6"]
[White "Zhigalko, Sergei"]
[Black "Yoo, Christopher Woojin"]
[Result "1-0"]
[WhiteElo "2572"]
[BlackElo "2550"]
[PlyCount "101"]
[EventDate "2022.07.19"]
[EventType "swiss (blitz)"]
[EventRounds "11"]
[EventCountry "USA"]
[SourceTitle "EXT 2023"]
[Source "ChessBase"]
[SourceDate "2022.10.05"]
[SourceVersion "1"]
[SourceVersionDate "2022.10.05"]
[SourceQuality "1"]

1. e4 c5 2. Nf3 e6 3. c3 d5 4. e5 d4 5. Bd3 Bd7 6. O-O Bc6 7. Na3 Nd7 8. Qe2 a6 9. Be4 Ne7 10. cxd4 cxd4 11. Nc4 Ng6 12. Bxc6 bxc6 13. Nxd4 Nc5 14. Qe3 Nh4 15. Nf3 Nf5 16. Qc3 Nd3 17. Nd6+ Bxd6 18. Qxd3 Bc5 19. Qc2 Qd5 20. d3 O-O 21. Bf4 Nd4 22. Nxd4 Bxd4 23. Rac1 c5 24. b3 Rfd8 25. Qe2 a5 26. Rc4 Rdb8 27. Rfc1 Rb4 28. Bd2 Rxc4 29. Rxc4 Bxe5 30. Be3 Bd6 31. Qc2 Qe5 32. g3 Rc8 33. d4 Qd5 34. dxc5 Be5 35. c6 Bc7 36. Rd4 Qb5 37. Rc4 Rd8 38. Rd4 Rc8 39. Qc4 Qf5 40. Rd7 Qe5 41. Qa6 Rf8 42. Bf4 Qe1+ 43. Qf1 Qxf1+ 44. Kxf1 Bb6 45. Rb7 Bd4 46. c7 e5 47. Rb8 exf4 48. Rxf8+ Kxf8 49. c8=Q+ Ke7 50. Qb7+ Ke6 51. gxf4 1-0

[Event "Titled Tuesday intern op 19th Jul Late"]
[Site "Chess.com INT"]
[Date "2022.07.19"]
[Round "8"]
[White "Pakleza, Zbigniew"]
[Black "Zhigalko, Sergei"]
[Result "1/2-1/2"]
[WhiteElo "2499"]
[BlackElo "2572"]
[PlyCount "133"]
[EventDate "2022.07.19"]
[EventType "swiss (blitz)"]
[EventRounds "11"]
[EventCountry "USA"]
[SourceTitle "EXT 2023"]
[Source "ChessBase"]
[SourceDate "2022.10.05"]
[SourceVersion "1"]
[SourceVersionDate "2022.10.05"]
[SourceQuality "1"]

1. d4 Nf6 2. Nf3 e6 3. Bf4 b6 4. e3 Bb7 5. Nbd2 Nh5 6. Bg5 Be7 7. Bxe7 Qxe7 8. Be2 O-O 9. O-O f5 10. c4 Nf6 11. Rc1 d6 12. c5 Bd5 13. Qa4 dxc5 14. dxc5 Nbd7 15. b4 a5 16. cxb6 axb4 17. Qc2 cxb6 18. Bc4 Rfc8 19. Qb3 b5 20. Bxd5 Nxd5 21. Nd4 Nc3 22. Kh1 Kh8 23. N2f3 Ne4 24. Rb1 Nc3 25. Qxb4 Qxb4 26. Rxb4 Rxa2 27. h4 Ne4 28. Kg1 Nf8 29. Rxb5 h6 30. Ne5 Kg8 31. h5 Nd6 32. Rb6 Nc4 33. Nxc4 Rxc4 34. Nxe6 Nxe6 35. Rxe6 f4 36. exf4 Rxf4 37. Re5 Rb2 38. g3 Rf6 39. Kg2 Ra2 40. Rd5 Rb2 41. g4 Kh7 42. Kg3 Rb3+ 43. f3 Kg8 44. Rf2 Ra3 45. Rd4 Rb3 46. Rf4 Rxf4 47. Kxf4 Rb4+ 48. Kg3 Rb1 49. Re2 Rg1+ 50. Kf4 Rb1 51. Re4 Kf7 52. Ra4 Rb7 53. Ra5 Rc7 54. Kf5 Rb7 55. f4 Rc7 56. g5 hxg5 57. fxg5 g6+ 58. hxg6+ Kg7 59. Re5 Ra7 60. Kg4 Kxg6 61. Re6+ Kg7 62. Kh5 Rb7 63. Rg6+ Kh7 64. Rh6+ Kg7 65. Rg6+ Kh7 66. Rh6+ Kg7 67. Rg6+ 1/2-1/2

[Event "Titled Tuesday intern op 19th Jul Late"]
[Site "Chess.com INT"]
[Date "2022.07.19"]
[Round "9"]
[White "Zhigalko, Sergei"]
[Black "Sarana, Alexey"]
[Result "1-0"]
[WhiteElo "2572"]
[BlackElo "2668"]
[PlyCount "49"]
[EventDate "2022.07.19"]
[EventType "swiss (blitz)"]
[EventRounds "11"]
[EventCountry "USA"]
[SourceTitle "EXT 2023"]
[Source "ChessBase"]
[SourceDate "2022.10.05"]
[SourceVersion "1"]
[SourceVersionDate "2022.10.05"]
[SourceQuality "1"]

1. e4 c5 2. c3 Nf6 3. e5 Nd5 4. Nf3 d6 5. Bc4 Nb6 6. Bb3 c4 7. Bc2 dxe5 8. Nxe5 Qd5 9. Qe2 Qxg2 10. Be4 Qh3 11. Nxc4 Nxc4 12. Qxc4 Nd7 13. d4 e6 14. Be3 Bd6 15. Nd2 Qh5 16. Rg1 g6 17. Bf3 Qa5 18. Ne4 Be7 19. Bg5 Nb6 20. Qc7 Bd7 21. Bxe7 Kxe7 22. Qd6+ Kd8 23. Nc5 Rb8 24. Qxb8+ Ke7 25. Qxh8 1-0

[Event "Titled Tuesday intern op 19th Jul Late"]
[Site "Chess.com INT"]
[Date "2022.07.19"]
[Round "10"]
[White "Zhigalko, Sergei"]
[Black "Oparin, Grigoriy"]
[Result "0-1"]
[WhiteElo "2572"]
[BlackElo "2683"]
[PlyCount "96"]
[EventDate "2022.07.19"]
[EventType "swiss (blitz)"]
[EventRounds "11"]
[EventCountry "USA"]
[SourceTitle "EXT 2023"]
[Source "ChessBase"]
[SourceDate "2022.10.05"]
[SourceVersion "1"]
[SourceVersionDate "2022.10.05"]
[SourceQuality "1"]

1. e4 e5 2. Nf3 Nc6 3. Bb5 Bc5 4. O-O Nge7 5. c3 O-O 6. d4 Bb6 7. Bxc6 Nxc6 8. d5 Nb8 9. Nxe5 Qe8 10. Nc4 Qxe4 11. Nxb6 axb6 12. d6 cxd6 13. Qxd6 Qe6 14. Bf4 Nc6 15. Na3 Ra4 16. Rfe1 Re4 17. Rxe4 Qxe4 18. h3 Ne7 19. Qd2 Ng6 20. Bd6 Re8 21. f3 Qc6 22. Rd1 b5 23. Qd3 b6 24. Qxb5 Qa8 25. Qxb6 Bb7 26. Qf2 Qa4 27. Re1 Rc8 28. Qd4 Qc6 29. Re3 h6 30. Nc2 Qb5 31. Nb4 Qg5 32. Kh2 Nh4 33. g4 Nxf3+ 34. Rxf3 Bxf3 35. Bf4 Qe7 36. Kg3 Bb7 37. Qe5 Qf8 38. Qd6 Qe8 39. Qe5 Qd8 40. Qd4 d6 41. Qxd6 Qe8 42. Qe5 Qd7 43. Qd4 Qb5 44. Qf2 Rd8 45. Nc2 Rd3+ 46. Ne3 Qd5 47. Kh2 Qe4 48. Nf1 Qh1# 0-1

[Event "Titled Tuesday intern op 19th Jul Late"]
[Site "Chess.com INT"]
[Date "2022.07.19"]
[Round "11"]
[White "Yuan, Qingyu"]
[Black "Zhigalko, Sergei"]
[Result "0-1"]
[WhiteElo "2373"]
[BlackElo "2572"]
[PlyCount "80"]
[EventDate "2022.07.19"]
[EventType "swiss (blitz)"]
[EventRounds "11"]
[EventCountry "USA"]
[SourceTitle "EXT 2023"]
[Source "ChessBase"]
[SourceDate "2022.10.05"]
[SourceVersion "1"]
[SourceVersionDate "2022.10.05"]
[SourceQuality "1"]

1. e4 c5 2. Nf3 Nc6 3. Bc4 Nf6 4. e5 d5 5. Bb5 Nd7 6. Bxc6 bxc6 7. Qe2 e6 8. d3 c4 9. dxc4 Ba6 10. Nbd2 Qa5 11. O-O Be7 12. Rd1 O-O 13. Qe3 Bc5 14. Qf4 Qb6 15. Qh4 f6 16. cxd5 cxd5 17. exf6 Rxf6 18. c4 Rh6 19. Qg3 Rg6 20. Qh4 Rf8 21. b3 Ne5 22. Kh1 Nd3 23. Rf1 Nxf2+ 24. Kg1 Rh6 25. b4 Ne4+ 26. Kh1 Rxh4 27. bxc5 Ng3+ 28. Kg1 Qxc5+ 29. Rf2 Ne2+ 30. Kf1 Nxc1 31. Rxc1 Bxc4+ 32. Kg1 Rhf4 33. Nb3 Qb6 34. Nbd2 e5 35. Rb1 Qc5 36. Rc1 e4 37. Nxc4 dxc4 38. Rcc2 exf3 39. g3 Re4 40. Rxc4 Re1# 0-1

[Event "Titled Tuesday intern op 26th Jul Late"]
[Site "Chess.com INT"]
[Date "2022.07.26"]
[Round "2"]
[White "Sivakumar, Shaashwath"]
[Black "Zhigalko, Sergei"]
[Result "0-1"]
[WhiteElo "2207"]
[BlackElo "2572"]
[PlyCount "46"]
[EventDate "2022.07.26"]
[EventType "swiss (blitz)"]
[EventRounds "11"]
[EventCountry "USA"]
[SourceTitle "EXT 2023"]
[Source "ChessBase"]
[SourceDate "2022.10.05"]
[SourceVersion "1"]
[SourceVersionDate "2022.10.05"]
[SourceQuality "1"]

1. d4 Nf6 2. Nf3 e6 3. Bf4 b6 4. e3 Bb7 5. Nbd2 Nh5 6. Bg5 Be7 7. Bxe7 Qxe7 8. Bd3 O-O 9. O-O f5 10. Ne5 Nf6 11. Qe2 d6 12. Nef3 Ne4 13. a4 a5 14. Nc4 Nd7 15. c3 Rf6 16. Ne1 Rh6 17. g3 Rf8 18. f3 Ng5 19. h4 Nf7 20. Ng2 g5 21. e4 gxh4 22. Nxh4 f4 23. Qg2 Kh8 0-1